[Event "Oregon-ch"]
[Site "Portland"]
[Date "2013.02.10"]
[Round "4"]
[White "Gutman, Richard George"]
[Black "Gay, Daniel Zachary"]
[Result "0-1"]
[WhiteElo "2099"]
[BlackElo "2122"]
[PlyCount "74"]
[EventDate "2013.02.09"]
[EventType "tourn"]
[EventRounds "9"]
[EventCountry "USA"]
[SourceTitle "EXT 2017"]
[Source "ChessBase"]
[SourceDate "2016.10.25"]
[SourceVersion "1"]
[SourceVersionDate "2016.10.25"]
[SourceQuality "1"]

1. e4 c5 2. Nc3 a6 3. Nge2 d6 4. g3 b5 5. Bg2 Bb7 6. 0-0 e6 7. d4 cxd4 8. Nxd4 Qc7 9. a3 Nd7 10. f4 Ngf6 11. g4 h6 12. g5 hxg5 13. fxg5 d5 14. e5 Ne4 15. Nxe4 dxe4 16. g6 Nxe5 17. gxf7+ Nxf7 18. Qg4 Qxh2+ 19. Kf2 Qh4+ 20. Qxh4 Rxh4 21. Nxe6 Rc8 22. Nxf8 Kxf8 23. c3 Rc5 24. Be3 Rf5+ 25. Kg3 Rhh5 26. Bh3 Rf3+ 27. Rxf3 exf3 28. Bg4 Re5 29. Re1 Nd6 30. Bxf3 Bxf3 31. Kxf3 Nc4 32. Kf4 Rxe3 33. Rxe3 Nxe3 34. Kxe3 Ke7 35. b4 g6 36. Kf3 Ke6 37. Kg4 Kd5 0-1

[Event "US Open-113"]
[Site "Vancouver"]
[Date "2012.08.11"]
[Round "8"]
[White "Erichsen, Dan"]
[Black "Gay, Daniel Zachary"]
[Result "1/2-1/2"]
[WhiteElo "2115"]
[BlackElo "2111"]
[PlyCount "64"]
[EventDate "2012.08.04"]
[EventType "swiss"]
[EventRounds "9"]
[EventCountry "USA"]
[SourceTitle "CBM 149 Extra"]
[Source "ChessBase"]
[SourceDate "2012.08.24"]
[SourceVersion "1"]
[SourceVersionDate "2012.08.24"]
[SourceQuality "1"]

1. e4 c5 2. Nf3 d6 3. d4 cxd4 4. Nxd4 Nf6 5. Nc3 a6 6. Be3 e5 7. Nb3 Be6 8. f4 exf4 9. Bxf4 Be7 10. Qd2 0-0 11. 0-0-0 Qb6 12. h3 Rd8 13. Be3 Qc7 14. Nd5 Nxd5 15. exd5 Bf5 16. Qf2 Qc8 17. Bd3 Bxd3 18. Rxd3 Bf6 19. Rf1 Nd7 20. g4 Ne5 21. Rc3 Qd7 22. g5 Be7 23. h4 Rac8 24. Bd4 Rxc3 25. Bxc3 Rf8 26. Nd4 g6 27. b3 Qg4 28. Re1 h6 29. Rg1 Qe4 30. Re1 Qg4 31. Rg1 Qe4 32. Re1 Qg4 1/2-1/2

[Event "US Open-113"]
[Site "Vancouver"]
[Date "2012.08.08"]
[Round "5"]
[White "Gay, Daniel Zachary"]
[Black "Cooklev, Steven"]
[Result "1/2-1/2"]
[WhiteElo "2111"]
[BlackElo "2118"]
[PlyCount "112"]
[EventDate "2012.08.04"]
[EventType "swiss"]
[EventRounds "9"]
[EventCountry "USA"]
[SourceTitle "CBM 149 Extra"]
[Source "ChessBase"]
[SourceDate "2012.08.24"]
[SourceVersion "1"]
[SourceVersionDate "2012.08.24"]
[SourceQuality "1"]

1. e4 e5 2. Nf3 Nc6 3. Bb5 f5 4. d4 fxe4 5. Nxe5 Nxe5 6. dxe5 c6 7. Be2 Qa5+ 8. Nc3 Qxe5 9. 0-0 d5 10. Be3 Bd6 11. g3 Nf6 12. f3 exf3 13. Rxf3 0-0 14. Bd4 Qg5 15. h4 Qg6 16. Qd3 Qxd3 17. cxd3 Bd7 18. Raf1 b6 19. Kg2 Rae8 20. Bd1 Be5 21. Bxe5 Rxe5 22. g4 h6 23. d4 Ree8 24. g5 hxg5 25. hxg5 Nh7 26. Rg3 Rxf1 27. Kxf1 Nf8 28. Bc2 Ne6 29. Ne2 c5 30. dxc5 bxc5 31. Nc3 Bc6 32. Kg1 Nf4 33. Rg4 Ne2+ 34. Kf2 Nd4 35. Bd3 Re5 36. Nd1 Bd7 37. Rg1 Ne6 38. g6 Nf4 39. Bf1 Bf5 40. Ne3 Be4 41. Rg4 Nd3+ 42. Bxd3 Bxd3 43. Ra4 d4 44. Ng4 Re2+ 45. Kf3 Rxb2 46. Ne5 Be2+ 47. Ke4 a6 48. Kd5 Bb5 49. Ra3 Re2 50. Rh3 Re3 51. Rh2 Be8 52. Rd2 Kf8 53. Nc4 Rc3 54. Kxc5 Bb5 55. Rxd4 Ke7 56. a4 Bxc4 1/2-1/2

[Event "US Open-113"]
[Site "Vancouver"]
[Date "2012.08.06"]
[Round "3"]
[White "Gay, Daniel Zachary"]
[Black "Merwin, Steve"]
[Result "1/2-1/2"]
[WhiteElo "2212"]
[BlackElo "2028"]
[PlyCount "56"]
[EventDate "2012.08.04"]
[EventType "swiss"]
[EventRounds "9"]
[EventCountry "USA"]
[SourceTitle "CBM 149 Extra"]
[Source "ChessBase"]
[SourceDate "2012.08.24"]
[SourceVersion "1"]
[SourceVersionDate "2012.08.24"]
[SourceQuality "1"]

1. e4 e6 2. d4 d5 3. Nd2 dxe4 4. Nxe4 Bd7 5. Nf3 Bc6 6. Bd3 Nd7 7. 0-0 Be7 8. Qe2 Ngf6 9. b3 Bxe4 10. Bxe4 Nxe4 11. Qxe4 c6 12. Bb2 Nf6 13. Qe2 0-0 14. c4 Qc7 15. Rfe1 Rfe8 16. Rad1 h6 17. Ne5 Rad8 18. Bc3 Bd6 19. Qf3 c5 20. dxc5 Bxc5 21. Ng4 Nxg4 22. Qxg4 Bf8 23. Bf6 Rxd1 24. Rxd1 Qa5 25. Ra1 h5 26. Qg5 e5 27. Qg3 Re6 28. Bg5 Bc5 1/2-1/2

[Event "Washington Class-ch Expert"]
[Site "Seattle"]
[Date "2007.11.23"]
[Round "1"]
[White "Gay, Daniel Zachary"]
[Black "Wilson, Matthew Spencer"]
[Result "0-1"]
[WhiteElo "1996"]
[BlackElo "1894"]
[PlyCount "124"]
[EventDate "2007.11.23"]
[EventType "swiss"]
[EventRounds "6"]
[EventCountry "USA"]
[SourceTitle "EXT 2017"]
[Source "ChessBase"]
[SourceDate "2016.10.25"]
[SourceVersion "1"]
[SourceVersionDate "2016.10.25"]
[SourceQuality "1"]

1. e4 c5 2. Nf3 a6 3. d4 cxd4 4. Nxd4 Nf6 5. Nc3 e5 6. Nb3 Bb4 7. Bc4 Qc7 8. Qd3 b5 9. Bd5 Nxd5 10. Qxd5 Bb7 11. Qd3 Qc6 12. f3 d5 13. exd5 Qxd5 14. Qxd5 Bxd5 15. Bd2 Be6 16. Kf2 Nc6 17. a3 Be7 18. Rhe1 0-0 19. Rad1 Rfd8 20. Be3 Bxb3 21. cxb3 Rxd1 22. Rxd1 Rd8 23. Nd5 Kf8 24. Nxe7 Kxe7 25. Bc5+ Ke6 26. Rxd8 Nxd8 27. Ke3 Kd5 28. Bb4 Ne6 29. Be7 f5 30. Bb4 Nf4 31. Kf2 Nd3+ 32. Ke3 Nf4 33. Kf2 Nd3+ 34. Ke3 Nxb2 35. Kd2 e4 36. fxe4+ Kxe4 37. Be7 Nd3 38. g3 Kd4 39. Bf8 g6 40. Bg7+ Ke4 41. Kc3 g5 42. Bh6 f4 43. Bxg5 f3 44. Kd2 Nc1 45. Ke1 Nxb3 46. g4 Nd4 47. Kf2 a5 48. Bd2 Nc6 49. h4 b4 50. axb4 axb4 51. g5 Ne5 52. h5 Nd3+ 53. Kf1 b3 54. Bc3 Nf4 55. g6 Nxg6 56. hxg6 hxg6 57. Ke1 Kd3 58. Bb2 g5 59. Kf2 g4 60. Be5 Kc2 61. Kg3 b2 62. Kxg4 f2 0-1